[Event "POL-ch U16 Girls"]
[Site "Karpacz"]
[Date "2015.??.??"]
[Round "1"]
[White "Walkowiak, Bogumila"]
[Black "Humin, Julia"]
[Result "1/2-1/2"]
[WhiteElo "1313"]
[BlackElo "1594"]
[PlyCount "80"]
[EventDate "2015.03.??"]
[EventType "swiss"]
[EventRounds "9"]
[EventCountry "POL"]
[SourceTitle "EXT 2017"]
[Source "ChessBase"]
[SourceDate "2016.10.25"]
[SourceVersion "1"]
[SourceVersionDate "2016.10.25"]
[SourceQuality "1"]

1. e4 e6 2. d4 d5 3. exd5 exd5 4. Bd3 Bd6 5. c3 Nc6 6. Ne2 Qf6 7. Ng3 Nge7 8. Nd2 0-0 9. 0-0 Ng6 10. Bc2 Re8 11. Nf3 Bg4 12. Qd3 Bxf3 13. Qxf3 Qxf3 14. gxf3 Nf4 15. Nf5 Ne2+ 16. Kh1 Bf4 17. Bxf4 Nxf4 18. Rae1 g6 19. Ne3 f5 20. Ng2 Nh3 21. Ne3 Nxf2+ 22. Rxf2 f4 23. Ng2 g5 24. Rxe8+ Rxe8 25. Kg1 Na5 26. b3 Re6 27. Bf5 Rf6 28. Bd3 h5 29. h3 Kf7 30. Ne1 Re6 31. Ng2 Kf6 32. Kf1 Rc6 33. Rc2 Rb6 34. Re2 Rc6 35. Rc2 Rb6 36. Re2 Rc6 37. Rc2 Rb6 38. Re2 Rc6 39. Rc2 Rb6 40. Re2 Rc6 1/2-1/2

[Event "POL Olympiad U14 Girls"]
[Site "Spala"]
[Date "2014.12.30"]
[Round "3.13"]
[White "Gil, Oliwia"]
[Black "Humin, Julia"]
[Result "0-1"]
[WhiteElo "1316"]
[BlackElo "1418"]
[PlyCount "86"]
[EventDate "2014.04.06"]
[EventType "swiss"]
[EventRounds "9"]
[EventCountry "POL"]
[SourceTitle "EXT 2023"]
[Source "ChessBase"]
[SourceDate "2022.10.05"]
[SourceVersion "1"]
[SourceVersionDate "2022.10.05"]
[SourceQuality "1"]

1. e4 c5 2. Nf3 Nc6 3. d4 cxd4 4. Nxd4 Nf6 5. Nc3 e5 6. Ndb5 d6 7. Bg5 a6 8. Na3 b5 9. Bxf6 gxf6 10. Nd5 Bg7 11. c3 0-0 12. Nc2 f5 13. exf5 Bxf5 14. Nce3 Be6 15. Be2 f5 16. c4 Nd4 17. b3 f4 18. Nf1 e4 19. Rc1 Rc8 20. Nc3 Qa5 21. Qd2 Nxe2 22. Nxe2 Qxd2+ 23. Nxd2 d5 24. cxd5 Rxc1+ 25. Nxc1 Bxd5 26. 0-0 Rc8 27. Rd1 Bh6 28. f3 e3 29. Ne4 Bxe4 30. fxe4 Rc2 31. Kf1 Rf2+ 32. Kg1 Rd2 33. Re1 Kf7 34. b4 Kf6 35. Kf1 Ke5 36. Nb3 Rxa2 37. Rc1 f3 38. Rc5+ Kxe4 39. gxf3+ Kxf3 40. Nd4+ Ke4 41. Ne2 Rb2 42. Ng3+ Kf3 43. Rf5+ Bf4 0-1

[Event "POL-chT U19 2nd League"]
[Site "Szczyrk"]
[Date "2014.07.31"]
[Round "9.84"]
[White "Pedrak, Paulina"]
[Black "Humin, Julia"]
[Result "1-0"]
[WhiteElo "1395"]
[BlackElo "1457"]
[PlyCount "84"]
[EventDate "2014.07.25"]
[EventType "team-swiss"]
[EventRounds "11"]
[EventCountry "POL"]
[SourceTitle "EXT 2015"]
[Source "ChessBase"]
[SourceDate "2014.11.20"]
[SourceVersion "1"]
[SourceVersionDate "2014.11.20"]
[SourceQuality "1"]
[WhiteTeam "Gorlice GKSz Kornuty U19"]
[BlackTeam "Bydgoszcz Hetman U19"]
[WhiteTeamCountry "POL"]
[BlackTeamCountry "POL"]

1. e4 c5 2. Nf3 Nc6 3. d4 cxd4 4. Nxd4 Nf6 5. Nc3 e5 6. Ndb5 d6 7. Bd3 a6 8. Na3 b5 9. Nd5 Nxd5 10. exd5 Ne7 11. 0-0 g6 12. f4 Bg7 13. fxe5 Bxe5 14. Qf3 f5 15. c4 b4 16. Nc2 Rb8 17. Rb1 b3 18. axb3 Rxb3 19. Qe2 Qb6+ 20. Be3 Qc7 21. Bd4 Bxd4+ 22. Nxd4 Qc5 23. Qe3 0-0 24. Rfe1 Rb7 25. Kh1 f4 26. Qg1 Bg4 27. b4 Rxb4 28. Rxb4 Qxb4 29. Rxe7 f3 30. gxf3 Qc3 31. Qxg4 Qc1+ 32. Qg1 Qh6 33. Bf5 Kh8 34. Bg4 Qh4 35. Rd7 Rf6 36. Ne6 h5 37. Qb1 Rf8 38. Nxf8 Qf6 39. Qxg6 Qa1+ 40. Kg2 Qb2+ 41. Kh3 hxg4+ 42. Qxg4 a5 1-0

[Event "POL-chT U19 2nd League"]
[Site "Szczyrk"]
[Date "2014.07.25"]
[Round "1.66"]
[White "Kulpa, Zuzanna"]
[Black "Humin, Julia"]
[Result "0-1"]
[WhiteElo "1435"]
[BlackElo "1457"]
[PlyCount "138"]
[EventDate "2014.07.25"]
[EventType "team-swiss"]
[EventRounds "11"]
[EventCountry "POL"]
[SourceTitle "EXT 2015"]
[Source "ChessBase"]
[SourceDate "2014.11.20"]
[SourceVersion "1"]
[SourceVersionDate "2014.11.20"]
[SourceQuality "1"]
[WhiteTeam "Mikolow AKS U19"]
[BlackTeam "Bydgoszcz Hetman U19"]
[WhiteTeamCountry "POL"]
[BlackTeamCountry "POL"]

1. e4 c5 2. Nf3 Nc6 3. d4 cxd4 4. Nxd4 Nf6 5. Nc3 e5 6. Ndb5 d6 7. Bg5 a6 8. Na3 b5 9. Nd5 Be7 10. Bxf6 Bxf6 11. c4 b4 12. Nc2 Rb8 13. b3 0-0 14. g3 Bg5 15. h4 Bh6 16. Bh3 Bxh3 17. Rxh3 a5 18. Kf1 Ne7 19. Kg2 Kh8 20. Qd3 Nxd5 21. Qxd5 Qb6 22. Rd1 Rbd8 23. Qd3 Qc6 24. Qd5 Qc5 25. Qxc5 dxc5 26. Rhh1 Bd2 27. Kf3 Bc3 28. Rd5 Rxd5 29. exd5 f5 30. Ke2 Ra8 31. Ne3 g6 32. Nd1 Bd4 33. Ne3 a4 34. Nc2 axb3 35. axb3 Ra2 36. Kd1 Kg8 37. Rf1 Rb2 38. Nxd4 cxd4 39. c5 Kf7 40. Re1 e4 41. c6 Rxb3 42. Re2 Rb1+ 43. Kd2 Ke7 44. c7 Kd7 45. d6 d3 46. Re3 Rb2+ 47. Ke1 Rc2 48. f3 Rc4 49. fxe4 fxe4 50. Kd2 Kxd6 51. c8Q Rxc8 52. Rxe4 Kd5 53. Rxb4 Rc4 54. Rb3 Ke4 55. Rxd3 Rd4 56. Rxd4+ Kxd4 57. Ke2 Ke4 58. Kf2 h6 59. Kg2 Ke3 60. Kh3 Kf3 61. g4 Kf4 62. g5 h5 63. Kh2 Kg4 64. Kg2 Kxh4 65. Kf3 Kxg5 66. Kg3 Kf5 67. Kh4 g5+ 68. Kh3 Kf4 69. Kh2 Kf3 0-1

[Event "POL Olympiad U14"]
[Site "Walbrzych"]
[Date "2013.??.??"]
[Round "5.12"]
[White "Sobczak, Marta"]
[Black "Humin, Julia"]
[Result "0-1"]
[WhiteElo "1516"]
[BlackElo "1386"]
[PlyCount "130"]
[EventDate "2013.04.??"]
[EventType "team-swiss"]
[EventRounds "9"]
[EventCountry "POL"]
[SourceTitle "EXT 2014"]
[Source "ChessBase"]
[SourceDate "2013.11.20"]
[SourceVersion "1"]
[SourceVersionDate "2013.11.20"]
[SourceQuality "1"]

1. d4 Nf6 2. c4 g6 3. Nc3 d5 4. Bf4 Bg7 5. e3 0-0 6. cxd5 Nxd5 7. Nxd5 Qxd5 8. Bxc7 Nc6 9. Nf3 Bf5 10. a3 Rac8 11. Bg3 Na5 12. Bd3 Bxd3 13. Qxd3 Qb3 14. Qxb3 Nxb3 15. Rb1 Rc2 16. 0-0 Rfc8 17. Rfe1 a5 18. h3 a4 19. Kf1 Na5 20. Bh2 b5 21. g4 R8c4 22. Red1 Nb3 23. Ke1 b4 24. Nd2 Nxd2 25. Rxd2 bxa3 26. bxa3 Rc1+ 27. Rd1 R1c3 28. Ra1 Rb3 29. Rd2 e6 30. Bd6 Bf8 31. Bxf8 Kxf8 32. Rda2 Ke7 33. Kd2 Rcc3 34. Rc2 Rd3+ 35. Ke2 Rxa3 36. Rxa3 Rxa3 37. f3 Ra1 38. e4 a3 39. Kf2 a2 40. Kg2 Rg1+ 41. Kxg1 a1Q+ 42. Kg2 Qxd4 43. Re2 Kf6 44. h4 Ke5 45. Kg3 Qg1+ 46. Rg2 Qe1+ 47. Rf2 Kd4 48. Kg2 Ke3 49. Ra2 Kf4 50. h5 Qg3+ 51. Kf1 Qxf3+ 52. Rf2 Qxf2+ 53. Kxf2 gxh5 54. gxh5 Kxe4 55. h6 f5 56. Ke2 Kf4 57. Kf2 e5 58. Ke2 e4 59. Kf2 e3+ 60. Ke2 Ke4 61. Kf1 Kf3 62. Kg1 e2 63. Kh1 e1Q+ 64. Kh2 Qg3+ 65. Kh1 Qg2# 0-1

[Event "POL-chT U19 2nd League"]
[Site "Borowice"]
[Date "2012.07.28"]
[Round "10"]
[White "Humin, Julia"]
[Black "Mielczarek, Joanna"]
[Result "1-0"]
[WhiteElo "1373"]
[BlackElo "1483"]
[PlyCount "77"]
[EventDate "2012.07.21"]
[EventType "team-swiss"]
[EventRounds "11"]
[EventCountry "POL"]
[SourceTitle "EXT 2014"]
[Source "ChessBase"]
[SourceDate "2013.11.20"]
[SourceVersion "1"]
[SourceVersionDate "2013.11.20"]
[SourceQuality "1"]
[WhiteTeam "Bydgoszcz Hetman U19"]
[BlackTeam "Czestochowa UKS Hetman U19"]
[WhiteTeamCountry "POL"]
[BlackTeamCountry "POL"]

1. e4 e5 2. Nf3 Nc6 3. Bb5 Nge7 4. 0-0 a6 5. Ba4 g6 6. c3 Bg7 7. d4 exd4 8. cxd4 b5 9. Bc2 0-0 10. Re1 d6 11. h3 Bb7 12. Nc3 Na5 13. Bf4 c5 14. dxc5 Bxc3 15. bxc3 Nec6 16. cxd6 Re8 17. d7 Re7 18. Bg5 Rxd7 19. Bxd8 Rxd1 20. Raxd1 Rxd8 21. Rxd8+ Nxd8 22. Rd1 Ne6 23. Nd4 Nc5 24. Nb3 Naxb3 25. axb3 Nxe4 26. Bxe4 Bxe4 27. Rd6 a5 28. Ra6 b4 29. cxb4 axb4 30. Rb6 Kf8 31. Rxb4 Bf5 32. Rb7 Be4 33. Ra7 Bd5 34. b4 Ke8 35. Kf1 Kd8 36. Ke2 Kc8 37. Ke3 Bb7 38. Kd4 Kb8 39. Rxb7+ 1-0

[Event "POL-chT U19 2nd League"]
[Site "Borowice"]
[Date "2012.07.21"]
[Round "1"]
[White "Humin, Julia"]
[Black "Witkowska, Karolina"]
[Result "0-1"]
[WhiteElo "1373"]
[BlackElo "1271"]
[PlyCount "87"]
[EventDate "2012.07.21"]
[EventType "team-swiss"]
[EventRounds "11"]
[EventCountry "POL"]
[SourceTitle "EXT 2014"]
[Source "ChessBase"]
[SourceDate "2013.11.20"]
[SourceVersion "1"]
[SourceVersionDate "2013.11.20"]
[SourceQuality "1"]
[WhiteTeam "Bydgoszcz Hetman U19"]
[BlackTeam "Gliwice Politechnika Slaska U19"]
[WhiteTeamCountry "POL"]
[BlackTeamCountry "POL"]

1. e4 c5 2. Nf3 Nc6 3. d4 cxd4 4. Nxd4 g6 5. Nc3 Bg7 6. Be3 d6 7. Qd2 Nf6 8. 0-0-0 0-0 9. f3 Bd7 10. g4 Qa5 11. h4 h5 12. Nb3 Qc7 13. gxh5 Nxh5 14. Nd5 Qd8 15. Nf4 Nxf4 16. Bxf4 Ne5 17. Qg2 e6 18. Be2 Qf6 19. Bg5 Nd3+ 20. Bxd3 Qxb2+ 21. Kd2 Rac8 22. Ke1 Qxa2 23. h5 Ba4 24. Nc1 Qb2 25. Rh2 gxh5 26. Bh6 Rc5 27. f4 Qf6 28. Bg5 Qd4 29. f5 exf5 30. exf5 Re8+ 31. Ne2 Qc3+ 32. Kf1 Qe5 33. Rxh5 Bxc2 34. f6 Bxd3 35. Rxd3 Qf5+ 36. Rf3 Qg6 37. Rf4 Rf5 38. Rf3 Rxf3+ 39. Qxf3 Re5 40. Qg4 Qf5+ 41. Qxf5 Rxf5+ 42. Ke1 Bxf6 43. Bxf6 Rxf6 44. Kd2 0-1

[Event "Solina Mind Sports U14 Girls op "]
[Site "Solina"]
[Date "2012.04.19"]
[Round "7"]
[White "Humin, Julia"]
[Black "Cebula, Alicja"]
[Result "0-1"]
[WhiteElo "1377"]
[BlackElo "1622"]
[PlyCount "120"]
[EventDate "2012.04.15"]
[EventType "swiss"]
[EventRounds "9"]
[EventCountry "POL"]
[SourceTitle "EXT 2014"]
[Source "ChessBase"]
[SourceDate "2013.11.20"]
[SourceVersion "1"]
[SourceVersionDate "2013.11.20"]
[SourceQuality "1"]

1. e4 c5 2. Nf3 e6 3. d4 cxd4 4. Nxd4 a6 5. Bd3 Nf6 6. 0-0 Qc7 7. Be3 d5 8. Nd2 b6 9. Qe2 Bb7 10. Bg5 Nbd7 11. Bxf6 Nxf6 12. e5 Nd7 13. f4 Bc5 14. c3 0-0 15. Kh1 b5 16. Qh5 h6 17. g4 Qb6 18. g5 Kh8 19. gxh6 g6 20. Bxg6 fxg6 21. Qxg6 Rg8 22. Qf7 Bxd4 23. cxd4 Qxd4 24. Qxd7 Qxd2 25. Rg1 Qxf4 26. Rg3 Rxg3 27. hxg3 Qxh6+ 28. Kg2 Qg7 29. Rh1+ Kg8 30. Qxe6+ Qf7 31. Qxf7+ Kxf7 32. Rh7+ Ke6 33. Rxb7 Kxe5 34. Rb6 d4 35. Kf2 d3 36. Ke1 Rg8 37. Rxa6 Rxg3 38. Ra3 Kd4 39. Kd1 Ke3 40. Rxd3+ Kxd3 41. Ke1 b4 42. Kf2 Rg6 43. Ke1 Kc2 44. a4 bxa3 45. bxa3 Ra6 46. a4 Rxa4 47. Ke2 Ra3 48. Ke1 Rd3 49. Ke2 Kc3 50. Kf2 Kd2 51. Kf1 Re3 52. Kf2 Kd3 53. Kg2 Ke2 54. Kg1 Rf3 55. Kg2 Ke3 56. Kg1 Rf2 57. Kh1 Kf3 58. Kg1 Kg3 59. Kh1 Ra2 60. Kg1 Ra1# 0-1

[Event "Solina Mind Sports U14 Girls op "]
[Site "Solina"]
[Date "2012.04.15"]
[Round "1"]
[White "Kiolbasa, Oliwia"]
[Black "Humin, Julia"]
[Result "1-0"]
[WhiteElo "1773"]
[BlackElo "1377"]
[PlyCount "59"]
[EventDate "2012.04.15"]
[EventType "swiss"]
[EventRounds "9"]
[EventCountry "POL"]
[SourceTitle "EXT 2014"]
[Source "ChessBase"]
[SourceDate "2013.11.20"]
[SourceVersion "1"]
[SourceVersionDate "2013.11.20"]
[SourceQuality "1"]

1. e4 c5 2. Nf3 Nc6 3. d4 cxd4 4. Nxd4 Nf6 5. Nc3 e5 6. Ndb5 d6 7. Be3 a6 8. Na3 b5 9. Nd5 Nxd5 10. exd5 Ne7 11. c4 bxc4 12. Nxc4 Nf5 13. Bd2 Rb8 14. Bd3 g6 15. 0-0 Bg7 16. a3 Qe7 17. Bb4 a5 18. Nxa5 Bb7 19. Qa4+ Kf8 20. Nxb7 Qxb7 21. Bxf5 gxf5 22. Bxd6+ Kg8 23. Bxb8 Qxb8 24. Qc6 Bf8 25. Rac1 h5 26. b4 Rh6 27. Qc8 Qd6 28. Rc6 Qxc6 29. dxc6 e4 30. Rd1 1-0